Human resource management /

Uloženo v:
Podrobná bibliografie
Hlavní autor: Ivancevich, John M.
Médium: Kniha
Jazyk:English
Vydáno: Boston : Irwin McGraw Hill, 1998.
Vydání:7th ed.
Témata:
Tagy: Přidat tag
Žádné tagy, Buďte první, kdo otaguje tento záznam!
Thư viện lưu trữ: Mạng thư viện Đại học Đà Nẵng
LEADER 00886cam a2200337 i 4500
001 000046273
003 5733
005 20030217113346.0
008 010220|1998 vm 000 eng
020 |a 0071153314 
040 |a IRC  |c IRC  |d IRC 
041 0 |a eng 
082 1 4 |a 658.3  |b IV-J 
100 1 |a Ivancevich, John M. 
245 0 0 |a Human resource management /  |c John M. Ivancevich. 
250 |a 7th ed. 
260 |a Boston :  |b Irwin McGraw Hill,  |c 1998. 
300 |a xxii, 730p. :  |b ill. (some col.), col. map. 
630 0 4 |a Personnel management. 
650 0 4 |a Personnel management. 
650 0 4 |a Personnel management  |x Case studies. 
OWN |a DUT 
999 |a From the UDN01 
TYP |a Monograph 
TYP |a Printed language 
980 |a Mạng thư viện Đại học Đà Nẵng